[Event "Srbia-chT"]
[Site "?"]
[Date "2000.??.??"]
[Round "?"]
[White "Drincic Igor"]
[Black "Vujadinovic Goran"]
[Result "1/2-1/2"]
[WhiteElo "2085"]
[BlackElo "2396"]
[PlyCount "45"]
[EventDate "2000.??.??"]
[Source "www.chesslib.no"]
[SourceDate "2004.05.04"]

1. b3 b6 2. Bb2 Bb7 3. Nf3 c5 4. g3 e6 5. Bg2 Nf6 6. O-O Be7 7. d3 d5 8. Ne5 Nbd7 9. e3 Nxe5 10. Bxe5 O-O 11. Nd2 Nd7 12. Bb2 Bf6 13. d4 Qc7 14. Rc1 Rfd8 15. f4 b5 16. c3 a5 17. a3 Nb6 18. g4 h6 19. Qe1 c4 20. b4 axb4 21. cxb4 Qe7 22. Nb1 Nc8 23. Nc3 1/2-1/2

[Event "DEN Ch cand"]
[Site "?"]
[Date "1998.??.??"]
[Round "6"]
[White "Jacobsen Bo"]
[Black "Husted Peter"]
[Result "0-1"]
[WhiteElo "2290"]
[BlackElo "2160"]
[PlyCount "66"]
[EventDate "1998.??.??"]
[Source "www.chesslib.no"]
[SourceDate "2004.05.04"]

1. b3 b6 2. Bb2 Bb7 3. e3 e6 4. d3 Nf6 5. Nd2 Be7 6. f4 O-O 7. Ngf3 Nd5 8. Qe2 f5 9. g3 c5 10. Bg2 Nb4 11. Qd1 Bf6 12. Bxf6 Qxf6 13. O-O d6 14. Nc4 Qe7 15. Re1 N8c6 16. e4 Nd4 17. Nxd4 cxd4 18. a3 Nc6 19. exf5 Rxf5 20. Qg4 Rf6 21. f5 e5 22. Bd5+ Kh8 23. Qe4 Rc8 24. Re2 b5 25. Nd2 Nd8 26. Nf3 Bxd5 27. Qxd5 Qb7 28. Qxb7 Nxb7 29. g4 h5 30. h3 hxg4 31. hxg4 g6 32. Rh2+ Kg8 33. Kf2 Rxc2+ 0-1

[Event "Thessaloniki GRE, 2. Kalamaria Open"]
[Site "?"]
[Date "2005.09.01"]
[Round "2.10"]
[White "Aroshidze Levan"]
[Black "Pavlidou Katerina"]
[Result "1-0"]
[WhiteElo "2463"]
[BlackElo "1970"]
[PlyCount "175"]
[EventDate "2005.??.??"]
[Source "www.chesslib.no"]
[SourceDate "2004.05.04"]

1. b3 b6 2. Bb2 Bb7 3. Nf3 Nf6 4. e3 g6 5. Be2 Bg7 6. O-O O-O 7. c4 c5 8. d3 e6 9. Nbd2 d5 10. cxd5 exd5 11. d4 Nbd7 12. dxc5 bxc5 13. Rc1 Qe7 14. Re1 Rfd8 15. Rc2 Rac8 16. Qa1 Ne8 17. Rec1 Bxb2 18. Qxb2 Ng7 19. Bf1 Nf5 20. Bb5 a6 21. Bxd7 Rxd7 22. Qe5 Qf8 23. Ne1 Re7 24. Qf4 Rec7 25. Nd3 Ng7 26. Qf6 Ne6 27. Ne5 Qg7 28. Qxg7+ Kxg7 29. Nd3 a5 30. Nb2 Bc6 31. h3 f5 32. Kh2 Kf6 33. Nb1 Ke7 34. Nc3 Kd6 35. Rd2 Rd7 36. Nc4+ Kc7 37. Nxa5 Ra8 38. Nxc6 Kxc6 39. Na4 Ra5 40. Rcc2 Nc7 41. Kg3 Nb5 42. Rc1 Nd6 43. Rdc2 c4 44. Nc3 Rb7 45. Rd1 Rc5 46. Ne2 Ne4+ 47. Kf3 cxb3 48. Nd4+ Kd6 49. Rb2 Nc3 50. Ra1 Nxa2 51. Nxb3 Rcb5 52. Raxa2 Rxb3 53. Ra6+ Ke5 54. Rc2 R3b6 55. Ra8 Rb8 56. Rxb8 Rxb8 57. Rc7 Rh8 58. h4 h6 59. Rc6 g5 60. h5 Rh7 61. Rb6 Rh8 62. Ke2 Rh7 63. f3 f4 64. Kf2 Rh8 65. Ra6 Rh7 66. g4 Rh8 67. exf4+ Kxf4 68. Re6 Rh7 69. Rf6+ Ke5 70. Rf5+ Kd4 71. Rf6 Kc3 72. Rc6+ Kd3 73. Kg3 d4 74. f4 Ke2 75. Re6+ Kd2 76. fxg5 hxg5 77. Rg6 d3 78. Rxg5 Ke1 79. Re5+ Kd1 80. Rd5 d2 81. Kh4 Ke2 82. g5 d1=Q 83. Rxd1 Kxd1 84. g6 Ra7 85. h6 Ra4+ 86. Kg5 Ra5+ 87. Kf6 Ra6+ 88. Kg7 1-0

[Event "Paks"]
[Site "?"]
[Date "1998.??.??"]
[Round "6"]
[White "Karkus Anna"]
[Black "Szabo Zsolt"]
[Result "1-0"]
[WhiteElo "2085"]
[BlackElo "2345"]
[PlyCount "57"]
[EventDate "1998.??.??"]
[Source "www.chesslib.no"]
[SourceDate "2004.05.04"]

1. b3 b6 2. f4 f5 3. Bb2 Bb7 4. e3 Nf6 5. Nf3 e6 6. Be2 c5 7. O-O Nc6 8. Qe1 Nb4 9. Na3 h6 10. Qh4 Ne4 11. Qh5+ Ke7 12. Ne5 Qe8 13. Ng6+ Kd8 14. Nxh8 Qxh5 15. Bxh5 Nxd2 16. Rfd1 Ne4 17. Nf7+ Ke7 18. Ne5 d5 19. c3 Nc6 20. Ng6+ Kd6 21. Nb5+ Kd7 22. c4 Ne7 23. Nxf8+ Rxf8 24. Bxg7 Rg8 25. Be5 a6 26. Nc3 Nc6 27. Nxe4 fxe4 28. cxd5 exd5 29. Rxd5+ 1-0

[Event "BEL Team Ch 9596"]
[Site "Antwerp BEL"]
[Date "1995.??.??"]
[Round "?"]
[White "Bogaerts, Jan"]
[Black "Van Hoolandt, Patrick"]
[Result "1-0"]
[WhiteElo "2300"]
[BlackElo "2130"]
[PlyCount "47"]
[EventDate "1995.??.??"]
[Source "www.chesslib.no"]
[SourceDate "2004.05.04"]

1. b3 b6 2. Bb2 Bb7 3. e3 d5 4. f4 Nd7 5. Nf3 e6 6. Be2 Ne7 7. O-O h5 8. Qe1 Nf5 9. Bd3 Rg8 10. e4 dxe4 11. Bxe4 Bxe4 12. Qxe4 c5 13. Na3 Rc8 14. Rfe1 Be7 15. Nc4 Nf6 16. Qe2 Nd5 17. Nce5 Nc7 18. Nc6 Qd6 19. Nxa7 Ra8 20. Nb5 Qc6 21. Nxc7+ Qxc7 22. Ne5 Nd4 23. Bxd4 cxd4 24. Qb5+ 1-0

[Event "France"]
[Site "?"]
[Date "2003.11.16"]
[Round "3.4"]
[White "Jadoul Michel"]
[Black "Scilien Jean Christophe"]
[Result "1-0"]
[WhiteElo "2342"]
[BlackElo "2066"]
[PlyCount "49"]
[EventDate "2003.??.??"]
[Source "www.chesslib.no"]
[SourceDate "2004.05.04"]

1. b3 b6 2. Bb2 Bb7 3. e3 e6 4. f4 f5 5. Nf3 Nf6 6. g3 g6 7. Bg2 Bg7 8. O-O O-O 9. Qe2 d5 10. d3 Qe7 11. a4 Nfd7 12. Bxg7 Qxg7 13. d4 Nc5 14. Nbd2 Ba6 15. c4 Ne4 16. Nxe4 fxe4 17. Ng5 Qe7 18. Bh3 Bc8 19. cxd5 exd5 20. Bxc8 Rxc8 21. Qg4 Nd7 22. f5 Nf6 23. Qh4 Rf8 24. fxg6 hxg6 25. Qh6 1-0

[Event "Buenos Aires ol (Men)"]
[Site "Buenos Aires ARG"]
[Date "1978.??.??"]
[Round "12"]
[White "Martinez, Fernando"]
[Black "Arbouche, Muhamed"]
[Result "1-0"]
[WhiteElo "2200"]
[BlackElo "2200"]
[PlyCount "57"]
[EventDate "1978.10.25"]
[Source "www.chesslib.no"]
[SourceDate "2004.05.04"]

1. b3 b6 2. f4 e5 3. fxe5 d6 4. Ba3 dxe5 5. Bxf8 Kxf8 6. Nc3 Bb7 7. e4 Nf6 8. Bd3 Nbd7 9. Nf3 Nc5 10. Qe2 Qe7 11. O-O Rd8 12. Bc4 Ncxe4 13. Nxe4 Bxe4 14. Rae1 Bxf3 15. Rxf3 e4 16. Rf2 Qe5 17. b4 Re8 18. d3 Qd4 19. Kf1 Re7 20. Rf4 g5 21. Rf5 Rg8 22. Qf2 Qxf2+ 23. Kxf2 Ng4+ 24. Kg3 Nh6 25. Rd5 exd3 26. Rxe7 Kxe7 27. Bxd3 Ke6 28. Bc4 Nf5+ 29. Kf2 1-0

[Event "Oberliga Baden 9899"]
[Site "?"]
[Date "1999.01.24"]
[Round "5.7"]
[White "Kummle Thomas"]
[Black "Hatz Alexander"]
[Result "0-1"]
[WhiteElo "2175"]
[BlackElo "2165"]
[PlyCount "35"]
[EventDate "1999.??.??"]
[Source "www.chesslib.no"]
[SourceDate "2004.05.04"]

1. b3 b6 2. Bb2 Bb7 3. Nf3 Nf6 4. g3 e6 5. Bg2 Be7 6. O-O O-O 7. c4 c5 8. Nc3 d6 9. Qb1 Nbd7 10. Rd1 a6 11. d4 cxd4 12. Rxd4 Qc7 13. Ng5 Bxg2 14. Kxg2 Qc5 15. Nf3 Rfd8 16. a4 Rac8 17. Kg1 Nb8 18. Rh4 0-1

[Event "Dresden (23.02.-01.03)"]
[Site "?"]
[Date "2003.??.??"]
[Round "?"]
[White "Just Joachim"]
[Black "Koksch Guenther"]
[Result "1-0"]
[WhiteElo "2136"]
[BlackElo "2191"]
[PlyCount "129"]
[EventDate "2003.??.??"]
[Source "www.chesslib.no"]
[SourceDate "2004.05.04"]

1. b3 b6 2. Bb2 Bb7 3. e3 e6 4. f4 Nf6 5. Nf3 Be7 6. Be2 d6 7. O-O O-O 8. c4 Nbd7 9. Qe1 Ne8 10. Nc3 Bf6 11. d4 c5 12. Rd1 Rc8 13. Qf2 Qc7 14. Rd2 a6 15. Rfd1 Qb8 16. g4 Qa8 17. g5 Be7 18. d5 exd5 19. Nxd5 Bxd5 20. cxd5 f5 21. a4 Nc7 22. Qf1 Qb7 23. Qh3 b5 24. Nh4 g6 25. e4 bxa4 26. bxa4 Qb4 27. Nxg6 hxg6 28. Qh6 Kf7 29. exf5 Ke8 30. Qxg6+ Kd8 31. f6 Bxf6 32. Bxf6+ Nxf6 33. gxf6 Qxf4 34. Bg4 Rxf6 35. Qg8+ Rf8 36. Qg7 Rf7 37. Qh8+ Rf8 38. Qh4+ Rf6 39. Rd3 Qh6 40. Qxh6 Rxh6 41. Bxc8 Kxc8 42. Rg3 Rh5 43. Rg7 Nxd5 44. Rf1 Rh8 45. Ra7 Rg8+ 46. Kh1 Rd8 47. Ra8+ Kd7 48. Rxd8+ Kxd8 49. Rd1 Nb6 50. Rxd6+ Kc7 51. Rg6 Nxa4 52. Rxa6 Nb2 53. h4 Kd7 54. Ra2 Nd3 55. Rc2 Ke6 56. Kh2 Kf5 57. Kg3 Kg6 58. Rc3 c4 59. Rxc4 Ne5 60. Ra4 Kh6 61. Ra6+ Ng6 62. Kg4 Kh7 63. Kg5 Nh8 64. Ra7+ Kg8 65. Kf6 1-0

[Event "Marianske Lazne CZE"]
[Site "?"]
[Date "2006.01.21"]
[Round "1"]
[White "Turner Jan"]
[Black "Lacha Jan"]
[Result "1-0"]
[WhiteElo "2347"]
[BlackElo "1966"]
[PlyCount "61"]
[EventDate "2006.??.??"]
[Source "www.chesslib.no"]
[SourceDate "2004.05.04"]

1. b3 b6 2. Bb2 Bb7 3. e3 e6 4. Nf3 f5 5. c4 Nf6 6. Nc3 Be7 7. d4 Ne4 8. Be2 O-O 9. O-O d6 10. Nxe4 fxe4 11. Nd2 Bg5 12. Bg4 Qe7 13. Bh3 d5 14. Qg4 Bc8 15. Qe2 Bh6 16. f3 exf3 17. Nxf3 Nd7 18. e4 dxc4 19. Qxc4 Nf6 20. Rae1 a5 21. Ne5 Re8 22. Nc6 Qf7 23. e5 Ba6 24. Qc2 Bxf1 25. Rxf1 Be3+ 26. Kh1 Qd7 27. exf6 Rf8 28. Qe4 Rae8 29. Ne5 Qb5 30. f7+ Kh8 31. g3 1-0

[Event "Tch (Men) 2005/2006 AUT"]
[Site "?"]
[Date "2006.03.17"]
[Round "9"]
[White "Enigl Karl"]
[Black "Kroell Johannes"]
[Result "0-1"]
[WhiteElo "2122"]
[BlackElo "2176"]
[PlyCount "130"]
[EventDate "2006.??.??"]
[Source "www.chesslib.no"]
[SourceDate "2004.05.04"]

1. b3 b6 2. Bb2 Bb7 3. Nf3 e6 4. g3 f5 5. Bg2 Nf6 6. O-O Be7 7. c4 O-O 8. d3 c5 9. Nc3 Nc6 10. d4 Nxd4 11. Nxd4 Bxg2 12. Kxg2 cxd4 13. Qxd4 Bc5 14. Qd3 Qc7 15. Rad1 Rad8 16. Kg1 Qb7 17. Na4 Be7 18. Bxf6 Rxf6 19. Nc3 Bc5 20. Na4 Bb4 21. Nc3 a6 22. Nb1 Qe4 23. Qxe4 fxe4 24. e3 d5 25. a3 Be7 26. Nc3 Rc8 27. Na4 b5 28. Nb6 Rc6 29. Nd7 Rf5 30. cxb5 Rc7 31. Nb8 axb5 32. a4 bxa4 33. bxa4 Rf8 34. Rb1 Rc4 35. Nd7 Rd8 36. Nb6 Rc2 37. Rfc1 Ra2 38. Ra1 Rxa1 39. Rxa1 Bc5 40. a5 Bxb6 41. axb6 Rb8 42. Ra6 Kf7 43. Kg2 Kf6 44. f3 Ke5 45. g4 g5 46. fxe4 Kxe4 47. Kf2 Kd3 48. Ra3+ Kc4 49. Ra4+ Kc5 50. Ra7 Rxb6 51. Rc7+ Kd6 52. Rxh7 Ke5 53. Rh5 Ke4 54. Rxg5 Rb2+ 55. Kg3 Re2 56. h4 Rxe3+ 57. Kf2 d4 58. h5 Rf3+ 59. Kg2 Rf8 60. Rg6 e5 61. h6 d3 62. h7 Rh8 63. Rg7 d2 64. Rd7 Ke3 65. g5 Rxh7 0-1

[Event "Kranenburg"]
[Site "?"]
[Date "2005.03.29"]
[Round "2.5"]
[White "Meier Tobias"]
[Black "Coenen Michael"]
[Result "1/2-1/2"]
[WhiteElo "2186"]
[BlackElo "2102"]
[PlyCount "59"]
[EventDate "2005.??.??"]
[Source "www.chesslib.no"]
[SourceDate "2004.05.04"]

1. b3 b6 2. Bb2 Bb7 3. d3 d5 4. f4 Nf6 5. e3 Qd7 6. Nf3 Nc6 7. Be2 O-O-O 8. O-O Ng4 9. Qc1 f6 10. h3 Nh6 11. a4 a5 12. Na3 Na7 13. g4 Nf7 14. Nd4 Kb8 15. Qe1 e6 16. Nab5 Nc8 17. c3 c6 18. Na3 c5 19. Ndb5 Be7 20. d4 Bc6 21. Nc2 Nfd6 22. b4 c4 23. bxa5 bxa5 24. Ba3 Bxb5 25. axb5 Nb7 26. Bxe7 Qxe7 27. e4 Nb6 28. Ne3 Rhe8 29. Qg3 Qc7 30. e5 1/2-1/2

[Event "Karl Wagner mem 5th"]
[Site "?"]
[Date "1998.09.07"]
[Round "3.40"]
[White "Frosch Erich"]
[Black "Maric Katarina"]
[Result "1-0"]
[WhiteElo "2280"]
[BlackElo "2005"]
[PlyCount "79"]
[EventDate "1998.??.??"]
[Source "www.chesslib.no"]
[SourceDate "2004.05.04"]

1. b3 b6 2. Bb2 Bb7 3. Nf3 e6 4. g3 Nf6 5. Bg2 Be7 6. O-O O-O 7. c4 c5 8. d3 d6 9. e4 Nc6 10. Nc3 Qc7 11. d4 cxd4 12. Nxd4 a6 13. Nc2 Rad8 14. Ne3 Qb8 15. Qe2 Qa8 16. Rfd1 Nb8 17. Rd2 Nbd7 18. f3 Bc6 19. Rad1 Qb8 20. Nc2 Bb7 21. Bh3 Rfe8 22. Nd4 Bf8 23. f4 Nc5 24. Bg2 e5 25. fxe5 Rxe5 26. Nf3 Ree8 27. e5 dxe5 28. Nd5 Nxd5 29. cxd5 Bd6 30. Ng5 h6 31. Nf3 a5 32. Nh4 Ba6 33. Qf3 e4 34. Qg4 Be5 35. Nf5 e3 36. Rd4 e2 37. Re1 Nd3 38. Nxh6+ Kf8 39. Ba3+ Nc5 40. Nf5 1-0

[Event "Gongyos Matra op 25th"]
[Site "?"]
[Date "2002.08.01"]
[Round "9.19"]
[White "Gyori Szabolcs"]
[Black "Besnyo Marton"]
[Result "1/2-1/2"]
[WhiteElo "2151"]
[BlackElo "2090"]
[PlyCount "57"]
[EventDate "2002.??.??"]
[Source "www.chesslib.no"]
[SourceDate "2004.05.04"]

1. b3 b6 2. e4 e5 3. Bb2 Nc6 4. Nf3 Nf6 5. Bc4 Nxe4 6. Bd5 Nf6 7. Bxc6 dxc6 8. Nxe5 Bb7 9. O-O Be7 10. Qf3 Qd5 11. Qe2 O-O 12. c4 Qe4 13. Qxe4 Nxe4 14. Re1 c5 15. f3 Nd6 16. Ng4 Bg5 17. d4 cxd4 18. Bxd4 Rfe8 19. Na3 a6 20. Nc2 f6 21. Nge3 Kf7 22. Rad1 Re6 23. Kf2 Rc8 24. b4 Bc6 25. c5 Nb5 26. Bb2 Na7 27. cxb6 cxb6 28. Nc4 Rxe1 29. Nxe1 1/2-1/2

[Event "Championnat de France Cadets"]
[Site "?"]
[Date "2003.??.??"]
[Round "3.8"]
[White "Alanic Mickael"]
[Black "Vitoux Colomban"]
[Result "1/2-1/2"]
[WhiteElo "2062"]
[BlackElo "2176"]
[PlyCount "42"]
[EventDate "2003.??.??"]
[Source "www.chesslib.no"]
[SourceDate "2004.05.04"]

1. b3 b6 2. Bb2 Bb7 3. Nf3 e6 4. g3 f5 5. Bg2 Nf6 6. O-O g6 7. c4 Bg7 8. d3 O-O 9. Qc2 d6 10. Nc3 e5 11. Rfe1 Nc6 12. Rad1 Qc8 13. e4 f4 14. gxf4 Nh5 15. f5 Nf4 16. Nd5 Nxg2 17. Kxg2 gxf5 18. d4 Kh8 19. dxe5 dxe5 20. h3 Rf7 21. Ng5 Rf6 1/2-1/2

[Event "TCh-BEL 2007-8"]
[Site "Belgium BEL"]
[Date "2008.02.10"]
[Round "8"]
[White "Wlogalski, O."]
[Black "Akhayan, R."]
[Result "0-1"]
[WhiteElo "1951"]
[BlackElo "2219"]
[PlyCount "75"]
[EventDate "2008.01.06"]
[Source "www.chesslib.no"]
[SourceDate "2004.05.04"]

1. b3 b6 2. Bb2 Bb7 3. e3 Nf6 4. f4 e6 5. Nf3 c5 6. Nc3 Nc6 7. a3 Be7 8. Bd3 a6 9. O-O Qc7 10. f5 d5 11. fxe6 fxe6 12. Ne2 Qd6 13. Ng3 O-O-O 14. Qe2 b5 15. c3 h5 16. Ng5 Ne5 17. Nxe6 Rd7 18. Nxg7 Nxd3 19. Qxd3 Qc6 20. Qe2 Bd8 21. N7xh5 Nxh5 22. Nxh5 Rdh7 23. c4 Rxh5 24. Bxh8 Rxh8 25. Qg4+ Kb8 26. cxb5 axb5 27. d4 Bc7 28. g3 Qh6 29. Rf2 Qxe3 30. Qg7 Qxd4 31. Qxd4 cxd4 32. Rf7 Bb6 33. Kg2 d3 34. h4 Re8 35. Ra2 Re1 36. Rd2 Re3 37. h5 Bc7 38. Rg7 0-1

[Event "Open A"]
[Site "Dieren OLA"]
[Date "2008.07.25"]
[Round "4"]
[White "Munnik, Talitha"]
[Black "Kuling, Lody"]
[Result "0-1"]
[WhiteElo "1965"]
[BlackElo "2196"]
[PlyCount "84"]
[EventDate "2008.07.22"]
[Source "www.chesslib.no"]
[SourceDate "2004.05.04"]

1. b3 b6 2. Bb2 Bb7 3. d3 e6 4. e4 d5 5. Nd2 Nd7 6. Ngf3 Ngf6 7. e5 Ng4 8. Be2 c5 9. h3 Nh6 10. O-O Be7 11. Re1 Nf5 12. Bf1 h5 13. a4 g5 14. g4 hxg4 15. hxg4 Nh4 16. Nxh4 Rxh4 17. Bg2 Nf8 18. Qf3 Ng6 19. Qg3 Nf4 20. Nf3 Nxg2 21. Kxg2 d4 22. Kf1 Rh7 23. Ke2 Kd7 24. Rh1 Qh8 25. Rxh7 Qxh7 26. Re1 Rh8 27. Bc1 Qg7 28. Kd1 Rh7 29. Bd2 Qh8 30. Nxg5 Bxg5 31. Bxg5 Rh3 32. Qg1 Rh1 33. Qg3 Rh3 34. Qg1 Bf3+ 35. Kd2 c4 36. dxc4 Qf8 37. Bf4 Qb4+ 38. Kc1 Qc3 39. Kb1 d3 40. cxd3 Qxb3+ 41. Ka1 Qa3+ 42. Kb1 Qxd3+ 0-1

[Event "VI Festival - Open A"]
[Site "Amantea ITA"]
[Date "2008.09.03"]
[Round "4"]
[White "Ljubisavljevic, Zivojin Z"]
[Black "Stoja, Rocco"]
[Result "1-0"]
[WhiteElo "2261"]
[BlackElo "1899"]
[PlyCount "43"]
[EventDate "2008.08.31"]
[Source "www.chesslib.no"]
[SourceDate "2004.05.04"]

1. b3 b6 2. Bb2 Bb7 3. c4 d5 4. cxd5 Bxd5 5. Nc3 Nf6 6. Nxd5 Qxd5 7. Nf3 g6 8. Qc1 c5 9. g3 Nbd7 10. Bg2 Rd8 11. O-O Bg7 12. d4 Qh5 13. h3 O-O 14. g4 Qd5 15. Ne5 Ne4 16. Nxd7 Rxd7 17. Qc2 f5 18. dxc5 Bxb2 19. Qxb2 bxc5 20. Qc2 Qd2 21. Bxe4 fxe4 22. Qxe4 1-0

[Event "GER-chT U20"]
[Site "?"]
[Date "2002.12.29"]
[Round "6.5"]
[White "Blayvas Jan"]
[Black "Karmann Alexander"]
[Result "1/2-1/2"]
[WhiteElo "2164"]
[BlackElo "1870"]
[PlyCount "22"]
[EventDate "2002.??.??"]
[Source "www.chesslib.no"]
[SourceDate "2004.05.04"]

1. b3 b6 2. Bb2 Bb7 3. c4 c5 4. Nf3 e6 5. d4 d5 6. dxc5 bxc5 7. e3 Nf6 8. Nbd2 Nbd7 9. Be2 g6 10. O-O Bg7 11. Rc1 Rc8 1/2-1/2

[Event "Laval"]
[Site "?"]
[Date "1999.04.17"]
[Round "3"]
[White "Bouchard Jean-Marc"]
[Black "Dutton Warren"]
[Result "0-1"]
[WhiteElo "2073"]
[BlackElo "1955"]
[PlyCount "84"]
[EventDate "1999.??.??"]
[Source "www.chesslib.no"]
[SourceDate "2004.05.04"]

1. b3 b6 2. Bb2 Bb7 3. e3 Nf6 4. f4 g6 5. Bxf6 exf6 6. d4 Bg7 7. Nf3 f5 8. Bd3 Qe7 9. Kf2 O-O 10. Re1 d6 11. Nbd2 Nd7 12. e4 fxe4 13. Nxe4 Rfe8 14. c3 Qd8 15. f5 Rc8 16. fxg6 hxg6 17. Qc2 f5 18. Neg5 Qf6 19. Qd2 Bh6 20. Bc4+ Kg7 21. h4 c5 22. Rxe8 Rxe8 23. Re1 Re4 24. dxc5 Nxc5 25. Bd5 Rxe1 26. Kxe1 Bxd5 27. Qxd5 Qxc3+ 28. Kf2 Ne4+ 29. Nxe4 Qe3+ 30. Kf1 fxe4 31. Ne1 Qf4+ 32. Ke2 Qg4+ 33. Kf2 Qxh4+ 34. g3 Qh2+ 35. Ng2 e3+ 36. Kf1 Qxg3 37. Kg1 e2 38. Qb7+ Kh8 39. Qa8+ Kh7 40. Qxa7+ Bg7 41. Qe7 e1=Q+ 42. Qxe1 Bd4+ 0-1

[Event "Parsvnath ch-Commonwealth"]
[Site "New Delhi IND"]
[Date "2007.12.07"]
[Round "7"]
[White "Srivastava, K."]
[Black "Santhosbaala, R."]
[Result "1-0"]
[WhiteElo "2105"]
[BlackElo "1919"]
[PlyCount "75"]
[EventDate "2007.12.03"]
[Source "www.chesslib.no"]
[SourceDate "2004.05.04"]

1. b3 b6 2. Bb2 Bb7 3. c4 e6 4. e3 Nf6 5. d4 Bb4+ 6. Nd2 O-O 7. a3 Be7 8. Ngf3 d5 9. Qc2 Nbd7 10. Bd3 h6 11. O-O c5 12. Ne5 Nxe5 13. dxe5 Nd7 14. f4 Qc7 15. e4 d4 16. Rae1 Rad8 17. Rf3 Rfe8 18. Bc1 Nf8 19. Rh3 Ng6 20. Rf1 Bf8 21. Qd1 Rd7 22. Qg4 Kh7 23. Nf3 Bc6 24. Ng5+ Kg8 25. Nxf7 Kxf7 26. Qh5 Ke7 27. Qxg6 Kd8 28. Bd2 Bb7 29. Rg3 Rde7 30. Rb1 Rd7 31. Rf3 Rde7 32. b4 Rd7 33. g4 Bc6 34. Be1 Bb7 35. Bh4+ Be7 36. Bg3 cxb4 37. axb4 Rf8 38. Rf2 1-0

[Event "Malaga-ch"]
[Site "?"]
[Date "1998.??.??"]
[Round "2"]
[White "Cuenca Castilla Manuel"]
[Black "Perez Guijarro Eduardo"]
[Result "1/2-1/2"]
[WhiteElo "2000"]
[BlackElo "2000"]
[PlyCount "66"]
[EventDate "1998.??.??"]
[Source "www.chesslib.no"]
[SourceDate "2004.05.04"]

1. b3 b6 2. Bb2 Bb7 3. e3 d6 4. Nf3 e5 5. Be2 Nd7 6. d4 e4 7. Nfd2 d5 8. c4 c6 9. Nc3 Bd6 10. cxd5 cxd5 11. Nb5 Bb8 12. Ba3 Ndf6 13. Nc3 Ne7 14. Bb5+ Nd7 15. Qg4 Ng6 16. f3 Qh4+ 17. Qxh4 Nxh4 18. g3 Nxf3+ 19. Nxf3 exf3 20. Rf1 a6 21. Bd3 Nf6 22. Rxf3 Kd8 23. Na4 Bc7 24. Rc1 Re8 25. Bxh7 Nxh7 26. Rxf7 Rc8 27. Rxg7 Nf6 28. Ke2 a5 29. Kf3 Nd7 30. h4 b5 31. Rxd7+ Kxd7 32. Nc5+ Kc6 33. Na4+ Kd7 1/2-1/2

[Event "Gent Gran Ch"]
[Site "Gent Gran"]
[Date "1996.??.??"]
[Round "6"]
[White "Teixido Pascual, Juan"]
[Black "Mane Bernat, Josep"]
[Result "1-0"]
[WhiteElo "1940"]
[BlackElo "2030"]
[PlyCount "127"]
[EventDate "1996.??.??"]
[Source "www.chesslib.no"]
[SourceDate "2004.05.04"]

1. b3 b6 2. Bb2 Bb7 3. e3 e6 4. Nf3 Nf6 5. Be2 c5 6. O-O Be7 7. d4 Nc6 8. dxc5 Bxc5 9. c4 O-O 10. Nc3 a6 11. a3 Qc7 12. Qc2 Ne7 13. h3 Ng6 14. Ng5 h6 15. Nf3 Qc6 16. Bd3 Ne5 17. Be2 Nh7 18. e4 Ng6 19. Qd2 Qc7 20. b4 Be7 21. g3 Ng5 22. Nxg5 Bxg5 23. f4 Bf6 24. e5 Nxe5 25. fxe5 Bxe5 26. Bf3 Bxg3 27. Bxb7 Qxb7 28. Qg2 Qxg2+ 29. Kxg2 Bh4 30. Rad1 Ra7 31. Ne4 Rc8 32. c5 bxc5 33. Nxc5 d5 34. Bd4 e5 35. Bxe5 a5 36. Rxd5 axb4 37. axb4 Ra2+ 38. Kf3 Rca8 39. Rfd1 h5 40. Bc7 Re8 41. R1d2 Ra1 42. Rd1 Ra2 43. R5d2 Ra3+ 44. Kg2 Ree3 45. Rd3 Ra2+ 46. R1d2 Rxd2+ 47. Rxd2 Bf6 48. b5 Rc3 49. Bd6 Bd8 50. Be5 Rxc5 51. Rxd8+ Kh7 52. b6 Rxe5 53. b7 Re2+ 54. Kf3 Rb2 55. b8=Q Rxb8 56. Rxb8 Kg6 57. Rb5 Kh6 58. h4 f6 59. Kf4 g6 60. Rb7 g5+ 61. hxg5+ fxg5+ 62. Kf5 g4 63. Rb6+ Kg7 64. Kg5 1-0

[Event "otb"]
[Site "otb"]
[Date "2007.03.26"]
[Round "1"]
[White "Simic St"]
[Black "Bozinovic Boban"]
[Result "0-1"]
[WhiteElo "1763"]
[BlackElo "2137"]
[PlyCount "100"]
[Source "www.chesslib.no"]
[SourceDate "2004.05.04"]

1. b3 b6 2. Bb2 Bb7 3. e3 Nf6 4. Nf3 g6 5. Be2 Bg7 6. c4 O-O 7. Nc3 c5 8. Qc2 Nc6 9. O-O Qc7 10. Nb5 Qb8 11. a3 a6 12. Nc3 Rd8 13. d4 cxd4 14. exd4 d5 15. cxd5 Nxd5 16. Nxd5 Rxd5 17. Bc4 Rh5 18. d5 Ne5 19. Nxe5 Bxe5 20. Bxe5 Qxe5 21. f4 Qd4+ 22. Qf2 Qxf2+ 23. Rxf2 b5 24. Be2 Rxd5 25. Bf3 Rd7 26. Bxb7 Rxb7 27. Rc1 Rd7 28. Rfc2 Rd3 29. Rc3 Rd4 30. g3 Kg7 31. h4 Rd2 32. Re1 Ra7 33. Rce3 e6 34. R1e2 Rxe2 35. Rxe2 Rd7 36. Re3 Rd2 37. Rc3 h5 38. Re3 Kf6 39. Kf1 Kf5 40. a4 bxa4 41. bxa4 Ra2 42. Re5+ Kg4 43. Ra5 Kxg3 44. Rxa6 Kxf4 45. Ra7 f5 46. Ra6 Kf3 47. Ke1 e5 48. Rxg6 e4 49. Rg5 f4 50. Rxh5 e3 0-1

[Event "CZE Ch women"]
[Site "Usti nad Labem"]
[Date "1996.??.??"]
[Round "5"]
[White "Cejkova, Miroslava"]
[Black "Kupcova, Klara"]
[Result "1/2-1/2"]
[WhiteElo "2080"]
[BlackElo "1815"]
[PlyCount "112"]
[EventDate "1996.??.??"]
[Source "www.chesslib.no"]
[SourceDate "2004.05.04"]

1. b3 b6 2. Bb2 Bb7 3. e3 Nf6 4. Nf3 e6 5. Be2 Be7 6. O-O O-O 7. c4 d5 8. cxd5 Nxd5 9. Nc3 Bf6 10. d4 c5 11. Rc1 cxd4 12. Nxd4 Nd7 13. Ne4 Be5 14. Ng3 Qe7 15. Qd2 Rac8 16. Nb5 Bxb2 17. Qxb2 a6 18. Nd4 Qf6 19. Rxc8 Rxc8 20. Rc1 Qd8 21. a3 N7f6 22. b4 Rc7 23. Bd3 h6 24. Rxc7 Qxc7 25. Nge2 Qd7 26. Qc2 Qc7 27. Qxc7 Nxc7 28. Nc3 Ncd5 29. Na4 Nd7 30. Be4 Kf8 31. Nc3 N7f6 32. Bf3 Ke7 33. Na4 Nd7 34. Kf1 Kd6 35. Nb2 Ne5 36. Be2 Nc3 37. Nc4+ Nxc4 38. Bxc4 Nb1 39. Bd3 Nxa3 40. f3 b5 41. Ke2 Bd5 42. Nc2 Nxc2 43. Bxc2 Bc4+ 44. Kd2 g5 45. g3 f5 46. Kc3 Kd5 47. Bb1 Ke5 48. f4+ gxf4 49. exf4+ Kd5 50. Bc2 Kc6 51. Kd4 Kb6 52. h3 a5 53. bxa5+ Kxa5 54. g4 fxg4 55. hxg4 Be2 56. g5 hxg5 1/2-1/2

[Event "Schwarzacher XIX Open B"]
[Site "?"]
[Date "2004.08.28"]
[Round "8.4"]
[White "Autengruber Daniel"]
[Black "Loeffler Alois"]
[Result "1-0"]
[WhiteElo "1919"]
[BlackElo "1957"]
[PlyCount "59"]
[EventDate "2004.??.??"]
[Source "www.chesslib.no"]
[SourceDate "2004.05.04"]

1. b3 b6 2. Bb2 Bb7 3. e3 e6 4. f4 d5 5. Nf3 Nf6 6. Be2 Nbd7 7. O-O Bd6 8. Qe1 Qe7 9. a4 a5 10. Ne5 Rc8 11. Qg3 Rg8 12. d3 h6 13. Qh3 Nh7 14. Ng4 c5 15. Nd2 f5 16. Ne5 Bxe5 17. fxe5 Ng5 18. Qg3 g6 19. Rad1 Qg7 20. e4 dxe4 21. Nc4 Nf7 22. dxe4 Bxe4 23. Bf3 Bxf3 24. Rxf3 Rd8 25. Rfd3 Rf8 26. Qf3 Ng5 27. Qc6 Ne4 28. Nxb6 Rf7 29. Nxd7 Rfxd7 30. Qxe6+ 1-0

[Event "Open"]
[Site "Liberec CZE"]
[Date "2007.11.14"]
[Round "5"]
[White "Sedlak, J."]
[Black "Hlavnicka, Ja"]
[Result "0-1"]
[WhiteElo "1810"]
[BlackElo "1988"]
[PlyCount "24"]
[EventDate "2007.11.10"]
[Source "www.chesslib.no"]
[SourceDate "2004.05.04"]

1. b3 b6 2. e3 Bb7 3. Bb2 d6 4. Nf3 Nd7 5. Be2 e5 6. O-O g5 7. h3 h5 8. Nh2 g4 9. hxg4 hxg4 10. Bxg4 Qh4 11. Bh3 Bxg2 12. Qg4 Qxh3 0-1